000 01135nam a2200241Ii 4500
003 JO-AjNU
005 20240626140502.0
008 230605s9999||||xx |||||||||||||| ||und||
040 _aJO-AjNU
_bara
_erda
_cJO-AjNU
041 _aara
050 1 4 _aJF1525 2021
100 _aالجراح، محمد عوني عبد الله
_eمعد
_965714
245 0 0 _aالأثر القانوني المترتب على القرار الإداري الالكتروني = the legal Effect of the Electronic Administrative Decision
_c/ اعداد محمد عوني عبد الله الجراح ؛ اشراف زياد محمد علي الوحشات
264 3 1 _a2021
300 _a80 ورقة
336 _atext
_btxt
_2rdacontent
337 _aunmediated
_bn
_2rdamedia
338 _avolume
_bnc
_2rdacarrier
500 _aرسالة جامعية(اطروحة ماجستير) جامعة عجلون الوطنية: كلية الحقوق، تخصص القانون، 2021
650 4 _aالقراات الادارية -معالجة بيانات
_961227
700 _aزياد محمد علي الوحشات
_eمشرف
_965715
942 _2lcc
_cTHS
999 _c31228
_d31228